JavaScript: Complete concepts and techniques

The content of this book coversbasic through advanced JavaScript skills, including creating, writing, and reading cookies, writing HTML to frames and windows, table manipulation, array processing, and creation and manipulation of custom objects.

Wedi'i Gadw mewn:
Manylion Llyfryddiaeth
Prif Awdur: gary B Shelly ...[et al.]
Fformat: Llyfr
Iaith:Undetermined
Cyhoeddwyd: Cambridge, Massachusetts Course Technology 2001
Pynciau:
Tagiau: Ychwanegu Tag
Dim Tagiau, Byddwch y cyntaf i dagio'r cofnod hwn!
Thư viện lưu trữ: Trung tâm Học liệu Trường Đại học Cần Thơ
LEADER 00843nam a2200205Ia 4500
001 CTU_42251
008 210402s9999 xx 000 0 und d
020 |b 389.000đ 
082 |a 005.133 
082 |b J41 
100 |a gary B Shelly ...[et al.] 
245 0 |a JavaScript: Complete concepts and techniques 
245 0 |c gary B Shelly ...[et al.] 
260 |a Cambridge, Massachusetts 
260 |b Course Technology 
260 |c 2001 
520 |a The content of this book coversbasic through advanced JavaScript skills, including creating, writing, and reading cookies, writing HTML to frames and windows, table manipulation, array processing, and creation and manipulation of custom objects. 
650 |a javascript ( computer program language ) 
904 |i Minh, 010717 
980 |a Trung tâm Học liệu Trường Đại học Cần Thơ